000 00493nam a2200193 a 4500
001 1767681889922
003 YourLibrary
005 20260107144231.0
008 260106s2001##################000#0#eng##
020 _a9780761953470
082 0 4 _a300.72
_bVAU
100 1 _aVaus, D. A. De,
_eauthor.
245 1 0 _aResearch Design in Social Research :
260 _bSAGE,
_c2001.
300 _a308 pages
650 0 _aReference.
942 _cENGLISH
040 _aYourLibrary
_beng
_cYourLibrary
999 _c607428
_d607428